000 01147nam a22003257a 4500
003 CHAP
005 20220329135753.0
008 971013s1981 r 00010 d
010 _a41804
011 _a42776
035 _a46905
040 _cCHAP
090 _aTesis
100 0 0 _aMuro Ginesi, José.
_979785
245 _aEvaluación del uso de sulfato de cobre y Lactobacillus acidophilus como estimulantes de crecimiento en cerdos de abasto en acabado
260 _a(Monterrey, N.L.) :
_bEl autor,
_c1981
300 _a45 h.
_b; gráfs
502 _aTesis (Ing. Agrónomo en Producción) -- ITESM. Div. de Ciencias Agropecuarias y Marítimas
590 _aALEPH
_b10
_c20130110
_lUCH01
_h1311
590 _aBATCH-UPD
_b10
_c20130110
_lUCH01
_h1343
590 _aBATCH-UPD
_b10
_c20130410
_lUCH01
_h0843
590 _aBATCH-UPD
_b10
_c20130914
_lUCH01
_h0954
590 _aCONVERSION
_b10
_c20130109
_lUCH01
_h1323
650 1 4 _aCobre en nutrición animal.
_924191
650 1 4 _aGanado porcino
_xEngorda.
_945362
650 1 4 _aLactobacillus acidophilus.
_964350
901 _aBK
942 _cTESIS
949 _bBC
_cTES
_d-106831
_eTS1
_i46905
_si
999 _c41804
_d41804